| 000 | 01247pam a2200349 a 4500 | ||
|---|---|---|---|
| 999 |
_c8035 _d8035 |
||
| 001 | 2925008 | ||
| 003 | OSt | ||
| 005 | 20220922154043.0 | ||
| 008 | 890328s1989 ilua b 001 0 eng c | ||
| 010 | _a 89005837 | ||
| 020 | _a0815129491 | ||
| 040 |
_aDNLM/DLC _cDLC _dDLC |
||
| 050 | 1 | 0 |
_aRC683.5.E5 _bL5 1989 |
| 060 | _aWG 140 L764c | ||
| 082 | 0 | 0 |
_aWC 140 L.6671 1989 _220 |
| 100 | 1 |
_aLipman, Bernard S. _q(Bernard Sylvester), _d1920- _916346 |
|
| 240 | 1 | 0 | _aClinical electrocardiography |
| 245 | 1 | 0 | _aLipman-Massie clinical electrocardiography. |
| 250 |
_a8th ed. / _bMarvin I. Dunn, Bernard S. Lipman. |
||
| 260 |
_aChicago : _bYear Book Medical Publishers, _cc1989. |
||
| 300 |
_axi, 620 p. : _bill. ; _c26 cm. |
||
| 500 | _aRev. ed of: Clinical electrocardiography. 7th ed. / Bernard S. Lipman, Marvin Dunn, Edward Massie, c1984. | ||
| 504 | _aIncludes bibliographical references. | ||
| 650 | 0 |
_aElectrocardiography. _914848 |
|
| 650 | 0 |
_aHeart _xDiseases _xDiagnosis. _93774 |
|
| 650 | 2 |
_aElectrocardiography. _914848 |
|
| 700 | 1 |
_aMassie, Edward, _d1910- _916347 |
|
| 700 | 1 |
_aDunn, Marvin, _d1927- _916348 |
|
| 740 | 0 | _aClinical electrocardiography. | |
| 906 |
_a7 _bcbc _corignew _d1 _eocip _f19 _gy-gencatlg |
||
| 942 |
_2z _cO_SHELF |
||